000 00694nam a2200205 a 4500
001 000032428
005 20200930065633.0
008 110718s1912 dr r 000 0 spa d
040 _aDO-SdBNP
_bspa
_cBNPHU
082 _a972.93
_bL832c
100 1 _aLogroño, Arturo
_958390
245 1 0 _aCompendio didáctico de historia patria /
_cArturo Logroño.
260 _aSanto Domingo :
_bLa Cuna de América,
_c1912.
300 _a1v. ;
_c19 cm.
500 _aIncluye referencias bibliográficas y notas al pie de las paginas
590 _aInventariado, 2018/BT
651 4 _aRepública Dominicana
_xHistoria
_9170
651 4 _aHaití
_xHistoria
_98418
910 _aValidado. Control de calidad MFF
999 _c31919
_d31919